| 000 | 00411nam a2200157 i 4500 | ||
|---|---|---|---|
| 001 | 42068 | ||
| 003 | ES-MaACL | ||
| 005 | 20230906160537.0 | ||
| 007 | t| | ||
| 008 | 030312s1968 sp ||||1| spa d | ||
| 100 | 1 |
_aCasaseca, Pablo. _936244 |
|
| 245 | 1 | 0 |
_aDespués del socialismo / _cPablo Casaseca. |
| 260 |
_aMadrid : _b[s.n., _c1968] |
||
| 300 |
_a477 p. ; _c20 cm. |
||
| 852 |
_aES-MaACL _jC-34441 _bR.65442 |
||
| 999 |
_c42068 _d42068 |
||